000 01092nam a22002177a 4500
008 241030t2007 xxk|||||r|||| 00| 0 eng d
020 _a978142193556
041 _aeng
110 _aRoyal Institution of Chartered Surveyors
245 _aThe provision of affordable housing through Section 106:
_bthe situation in 2007
260 _aLondon,
_bRoyal Institution of Chartered Surveyors,
_cOctober 2007
300 _a45p.
_c30cm
490 _aRICS Research Paper
_vvolume 7 number 14
520 _aStudy to explore the state of local planning authority practice with regard to affordable housing, presenting the findings of the results of a survey to local authorities, 117 of which responded. Includes planning gain; policy; local plans and more.
651 _aUnited Kingdom
690 _aAffordable housing
_96215
710 _aRoyal Institution of Chartered Surveyors
710 _aUniversity of Cambridge
856 _uhttps://www.landecon.cam.ac.uk/sites/default/files/2024-01/2research-paper.pdf
_zAvailable from University of Cambridge land economy website
942 _n0
999 _c122044
_d122044